LEADER 00909nam0-2200289---450- 001 990009327590403321 005 20110308170021.0 035 $a000932759 035 $aFED01000932759 035 $a(Aleph)000932759FED01 035 $a000932759 100 $a20110308d2010----km-y0itay50------ba 101 0 $aita 102 $aIT 105 $a--------001yy 200 1 $a<> cantieristica italiana (1860 -1940)$egeografia e caratteri di un'industria nata e cresciuta all'ombra dello Stato$fPaolo Fragiacomo 210 $aRoma$cRivista marittima$d2010 215 $a96 p.$cill.$d24 cm 300 $aSupplemento alla Rivista Marittima aprile 2010 700 1$aFragiacomo,$bPaolo$0168604 801 0$aIT$bUNINA$gRICA$2UNIMARC 901 $aBK 912 $a990009327590403321 952 $a13 E 74 09$b17177$fFINBC 959 $aFINBC 996 $aCantieristica italiana (1860-1940$941842 997 $aUNINA LEADER 01151nam0 2200289 i 450 001 SUN0001532 005 20111013110023.697 010 $a88-217-1198-6 020 $aIT$b2000 364 100 $a20020701d1999 |0itac50 ba 101 $aita 102 $aIT 105 $a|||| ||||| 200 1 $aManuale tributario del fallimento e delle altre procedure concorsuali$fCesare Zafarana 210 $a[Milanofiori, Assago]$cIpsoa$d[1999] 215 $aXII, 458 p.$d25 cm. 606 $aProcedure concorsuali$xTributi$2FI$3SUNC001121 620 $dMilanofiori, Assago$3SUNL000012 676 $a343.4505236$v21 700 1$aZafarana$b, Cesare$3SUNV001535$0421408 712 $aIPSOA$3SUNV000032$4650 801 $aIT$bSOL$c20181109$gRICA 912 $aSUN0001532 950 $aUFFICIO DI BIBLIOTECA DEL DIPARTIMENTO DI GIURISPRUDENZA$d00 CONS XIX.Ca.64 $e00 15543 995 $aUFFICIO DI BIBLIOTECA DEL DIPARTIMENTO DI GIURISPRUDENZA$h15543$kCONS XIX.Ca.64$op$qa 996 $aManuale tributario del fallimento e delle altre procedure concorsuali$9673230 997 $aUNICAMPANIA LEADER 02071oam 2200373z- 450 001 9910148999303321 005 20170925191035.0 010 $a9781473887961 010 $a1473887968 035 $a(CKB)3710000000924564 035 $a(BIP)073808079 035 $a(VLeBooks)9781473887961 035 $a(Perlego)2446258 035 $a(Exl-AI)993710000000924564 035 $a(EXLCZ)993710000000924564 100 $a20210511d2016 uy | 101 0 $aeng 181 $ctxt$2rdacontent 182 $cc$2rdamedia 183 $acr$2rdacarrier 200 00$aDiscovering Classical Music: Bach 210 $cWhite Owl 215 $a1 online resource (46 p.) 225 $aDiscovering Classical Music 330 8 $a"I recommend this book wholeheartedly to new music lovers" Sir Charles Groves CBE Thanks to Nigel Kennedy and Pavarotti, millions of people have recently discovered that classical music is a highly enjoyable experience, perhaps contrary to their expectations. But the world of classical music can be highly intimidating and confusing. Ian Christians, for many years a passionate believer in broadening the interest in classical music, has developed a unique approach, designed to make it as easy as possible for both newcomers to classical music and those who have started down the path to explore with confidence. Discovering Classical Music concentrates on the greatest composers. The author takes you step-by-step into their most approachable music and, in some cases, boldly into some of the greatest works traditionally considered too difficult for newcomers. Rarely does a book offer such potential for continued enjoyment.This volume concentrates on the life, personality and music of Joann Sebastian Bach. 606 $aClassicism in music$7Generated by AI 606 $aMusic and history$7Generated by AI 615 0$aClassicism in music 615 0$aMusic and history 700 $aChristians$b Ian$01260575 906 $aBOOK 912 $a9910148999303321 996 $aDiscovering Classical Music: Bach$93578455 997 $aUNINA